| 000 | 02911cam a22005174a 4500 | ||
|---|---|---|---|
| 001 | muse81246 | ||
| 003 | MdBmJHUP | ||
| 005 | 20210127151756.0 | ||
| 006 | m o d | ||
| 007 | cr||||||||nn|n | ||
| 008 | 200724r20202019ne o 00 0 eng d | ||
| 020 | _a9789048541331 | ||
| 020 | _a9048541336 | ||
| 035 | _a(OCoLC)1178720896 | ||
| 040 |
_aMdBmJHUP _cMdBmJHUP |
||
| 043 | _aa-cc--- | ||
| 050 | 4 |
_aGE199.C6 _bB66 2019 |
|
| 082 | 0 |
_a333.72/0951 _223 |
|
| 100 | 1 |
_aBondes, Maria, _eauthor. |
|
| 245 | 1 | 0 |
_aChinese Environmental Contention _bLinking Up against Waste Incineration / _cMaria Bondes. |
| 264 | 1 | _bProject Muse, | |
| 264 | 3 | _bProject MUSE, | |
| 300 |
_a1 online resource (1 EPUB unpaged) : _billustrations. |
||
| 490 | 0 | _aChina's environment and welfare | |
| 500 | _aIssued as part of book collections on Project MUSE. | ||
| 504 | _aIncludes bibliographical references and index. | ||
| 506 | 0 |
_aOpen Access _fUnrestricted online access _2star |
|
| 520 | _aA plethora of new actors has in recent years entered China's environmental arena. In Western countries, the linkages and diffusion processes between such actors often drive environmental movements. Through a study of Chinese anti-incineration contention, *Chinese Environmental Contention: Linking Up against Waste Incineration* investigates how the different contentious actors in China's green sphere link up, and what this means for environmental contention. It addresses questions such as: What lies behind the notable increase of environmental protests in China? And what are the potentials for the emergence of an environmental movement? The book shows that a complex network of ties has emerged in China's environmental realm under Hu Jintao. Affected communities across the country have connected with each other and with national-level environmentalists, experts and lawyers. Such networked contention fosters both local campaigns and national-level policy advocacy. Beyond China, the detailed case studies shed light on the dynamics behind the diffusion of contention under restrictive political conditions. | ||
| 588 | _aDescription based on print version record. | ||
| 650 | 0 |
_aGreen movement _zChina. |
|
| 650 | 0 |
_aIncineration _zChina. |
|
| 650 | 0 |
_aEnvironmentalism _zChina. |
|
| 651 | 0 |
_aChina _xEnvironmental conditions. |
|
| 655 | 0 | _aElectronic books. | |
| 655 | 7 |
_aElectronic books. _2local |
|
| 710 | 2 |
_aProject Muse, _edistributor. |
|
| 776 | 1 | 8 |
_iPrint version: _z9789462988927 |
| 710 | 2 |
_aProject Muse. _edistributor |
|
| 830 | 0 | _aChina's environment and welfare. | |
| 830 | 0 | _aBook collections on Project MUSE. | |
| 856 | 4 | 0 |
_zFull text available: _uhttps://muse.jhu.edu/book/69809/ |
| 999 |
_c26980 _d26980 |
||